000 00328nam a2200145 i 4500
001 bg
100 1 _aCZERWIŃSKI, Marcin
245 0 _aSamotność sztuki /
_cMarcin Czerwiński.
260 _aWarszawa,
_c1978.
040 _cBPK
041 _apol
080 _a7.01
942 _cKS
008 s pl f |000 0 pol
999 _c9562
_d9562
856 _uhttp://koha.tu.koszalin.pl/cgi-bin/koha/opac-detail.pl?biblionumber=9562
_yKatalog online BPK